ბათუმის შოთა რუსთაველის სახელმწიფო უნივერსიტეტის ბიბლიოთეკა

ლალა მუსტაფა ფაშას ვაყუფ - ნამეები საქართველოს შესახებ / (ბიბ.ჩანაწერი № 58144)

000 -ლიდერი
ფიქსირებული სიგრძის საკონტროლო ველი 01932nam a22002897a 4500
003 - საკონტროლო ნომრის იდენტიფიკატორი
საკონტროლო ველი Ge_BSU
005 - ბოლო ოპერაციის თარიღი და დრო
საკონტროლო ველი 20210705115913.0
008 - ფიქსირებული სიგრძის მონაცემთა ელემენტები - ზოგადი ინფორმაცია
ფიქსირებული სიგრძის საკონტროლო ველი 210630s2021 ge ||||| |||| 00| 0 geo d
020 ## - წიგნის საერთაშორისო სტანდარტული ნომერი
International Standard Book Number 9789941269547
041 ## - ენის კოდი
Language code of text/sound track or separate title geo
080 ## - უნივერსალური ათობითი კლასიფიკაციის ინდექსი
Universal Decimal Classification number 94(479.22)''15'' მ-44
100 ## - მთავარი ჩანაწერი - პიროვნების სახელი
Personal name მახარაძე, მირიან
9 (RLIN) 1541
245 ## - ცნობა სათაურის შესახებ
Title ლალა მუსტაფა ფაშას ვაყუფ - ნამეები საქართველოს შესახებ /
Statement of responsibility, etc მირიან მახარაძე, ზაზა შაშიკაძე; რედ. ნოდარ შენგელია, ნანი გელოვანი;
264 ## - წარმოების, გამოცემის, დისტრიბუციის და სხვა ცნობები
გამოცემის, წარმოების, დისტრიბუციის... ადგილი თბილისი :
გამოცემის, წარმოების, დისტრიბუციის... სახელწოდება გამომცემლობა Opient - ი,
გამოცემის, წარმოების, დისტრიბუციის... თარიღი 2021.
300 ## - ფიზიკური აღწერა
Extent 268 გვ. ;
Other physical details 25 სმ.
500 ## - ზოგადი შენიშვნა
General note კვლევა განხორციელდა შოთა რუსთაველის საქართველოს ეროვნული სამეცნიერო ფონდის ფინანსური მხარდაჭერით.
501 ## - შენიშვნა თანმხლებ მასალაზე
With note განმარტებითი საძიებ. გვ.227-249
504 ## - BIBLIOGRAPHY, ETC. NOTE
Bibliography, etc ბიბლიოგრ. გვ. 253-259
გამოყენებული ლიტერატურა (არქივი) გვ. 249
520 ## - SUMMARY, ETC.
Summary, etc რეზიუმე ინგ. ენ.
653 ## - INDEX TERM--UNCONTROLLED
Uncontrolled term ლალა მუსტაფა ფაშა საქართველოში
653 ## - INDEX TERM--UNCONTROLLED
Uncontrolled term ისტორია
653 ## - INDEX TERM--UNCONTROLLED
Uncontrolled term საქართველო ოსმალეთის ურთიერთობები
700 ## - ADDED ENTRY--PERSONAL NAME
Personal name შაშიკაძე, ზაზა
Relator term ავტორი
9 (RLIN) 12159
700 ## - ADDED ENTRY--PERSONAL NAME
Personal name შენგელია, ნოდარ
Relator term რედაქტორი
9 (RLIN) 12160
700 ## - ADDED ENTRY--PERSONAL NAME
Personal name გელოვანი, ნანი
Relator term რედაქტორი
9 (RLIN) 2344
942 ## - ADDED ENTRY ELEMENTS (KOHA)
Source of classification or shelving scheme
Koha item type წიგნი
ეგზემპლარები
ჩამოწერის სტატუსი დაკარგული ეგზემპლარის სტატუსი კლასიფიკაციის წყარო ან თაროზე გაწყობის სქემა დაზიანების სტატუსი არ გაიცემა მუდმივი მდებარეობა (დაცვის ადგილი) ამჟამინდელი ადგილსამყოფელი თაროზე განთავსების ადგილი შეძენის თარიღი ღირებულება, შესყიდვის ნორმალური ფასი სრული შენახვის შიფრი შტრიხკოდი ბოლო ოპერაციის თარიღი ეგზემპლარის მიმდევრობითი ნომერი (კეტერი?) ფასის ძალაში შესვლის თარიღი ეგზემპლარის სახეობა საჯარო შენიშვნა
          ბათუმის შოთა რუსთაველის სახელმწიფო უნივერსიტეტის მთავარი ბიბლიოთეკა ბათუმის შოთა რუსთაველის სახელმწიფო უნივერსიტეტის მთავარი ბიბლიოთეკა წიგნსაცავი 2021-06-30 10.00 94(479.22)''15'' მ-44 61426 2021-06-30 61426 2021-06-30 წიგნი 10 ლ.
          ბათუმის შოთა რუსთაველის სახელმწიფო უნივერსიტეტის მთავარი ბიბლიოთეკა ბათუმის შოთა რუსთაველის სახელმწიფო უნივერსიტეტის მთავარი ბიბლიოთეკა წიგნსაცავი 2021-06-30 10.00 94(479.22)''15'' მ-44 61427 2021-06-30 61427 2021-06-30 წიგნი 10 ლ.